|
|
|
|
| LEADER |
00857nam a22002537a 4500 |
| 001 |
AAL7778 |
| 003 |
BD-DhAAL |
| 005 |
20160405101954.0 |
| 008 |
160405s 2002enk||||| |||| 00| 0 eng d |
| 020 |
|
|
|a 0553583611
|
| 040 |
|
|
|a BD-DhAAL
|c BD-DhAAL
|
| 082 |
|
|
|a 813/.54
|
| 100 |
|
|
|a Palmer, Michael
|9 19001
|
| 245 |
|
|
|a Fatal /
|c Michael Palmer
|
| 260 |
|
|
|a New Youk :
|b Bantam Books,
|c c2002
|
| 300 |
|
|
|a 509 p. ;
|c 18 cm.
|
| 541 |
|
|
|e 7778
|
| 650 |
|
|
|a Coal mines and mining
|v Fiction.
|9 19002
|
| 650 |
|
|
|a Hazardous wastes
|v Fiction.
|9 19003
|
| 650 |
|
|
|a West Virginia
|v Fiction.
|9 19004
|
| 852 |
|
|
|a Savar Campus Library
|c General Shelf
|
| 942 |
|
|
|2 ddc
|c BK
|
| 999 |
|
|
|c 37396
|d 37396
|
| 952 |
|
|
|0 0
|1 0
|2 ddc
|4 0
|6 813_000000000000000__54_PAL
|7 0
|9 58724
|a SCL
|b SCL
|c GEN
|d 2016-04-05
|e Gift:
|l 6
|m 31
|o 813.54 PAL
|p 3020007778
|r 2019-12-10
|s 2019-09-29
|t 1
|w 2016-04-05
|y BK
|